LEADER 01077nam a2200229 u 4500 001 000000082248 003 CaOOAMICUS 005 20070226123837.0 008 050411s1931 it u000 u ita u 035 $a11038414 040 $aPUL(R)$bita 100 1 $aLamanna, Eustachio Paolo,$d1885-1967.$0(OLS)http://pul/name/16973 245 13$aIl problema della cultura nella storia del pensiero :$bsommario storico di filosofia e pedagogia ad uso degli Istituti Magistrali /$cE. Paolo Lamanna. 260 $aFirenze :$bLe Monnier,$c1931. 300 $alii, 570 p. ;$c20 cm 504 $aBibliografia in nota. 650 4$aFilosofia$vManuali, trattati, ecc.$0(OLS)http://pul/subject/9227 850 $aPUL 852 $aPUL$W1$xDP1 Fondo Cecchetti$y53$m260 L 70$j194706$nBK-PRI$b $qFondi$B104829$CPULBib$Z2$F104829 $81 941 1 $a1 996 $6245$aIl problema della cultura nella storia del pensiero :$bsommario storico di filosofia e pedagogia ad uso degli Istituti Magistrali$9(OLS)http://pul/title/107511 996 $6260$aFirenze :$bLe Monnier$9(OLS)http://pul/publisher/48028 LEADER 01309nam a2200325 a 4500 001 000000147359 003 CaOOAMICUS 005 20151113132325.0 008 151113s2015 fr u000 u fre r 020 $a978-2-343-05937-2* 032 $aLibriCat 040 $aPUL$bita 082 04$a210 100 1 $aVernier, Jean-Marie.$0(OLS)http://pul/name/50934 245 10$aDe l'homme à Dieu et retour : $bpropédeutique à la foi chrétienne /$cJean-Marie Vernier. 260 $aParis :$bL'Harmattan,$c2015. 300 $a195 p. ;$c22 cm. 490 1 $aReligions & spiritualité 500 $aContiene indici. 504 $aBibliografia in nota. 650 4$aFilosofia della religione.$0(OLS)http://pul/subject/120 830 0$aReligions & spiritualité.$0(OLS)http://pul/title/186009 850 $aPUL 852 $aPUL$W1$xSL Religione 3$y85$m210 VERJE 1$j170313$qDDC 21$B171092$CPULBib$Z2$F171092 $H126394 $81 941 1 $a9 996 $6020$a978-2-343-05937-2*$9(OLS)http://pul/number/158933 996 $6082$a210$9(OLS)http://pul/classification/1731 996 $6245$aDe l'homme à Dieu et retour : $bpropédeutique à la foi chrétienne$9(OLS)http://pul/title/186008 996 $6260$aParis :$bL'Harmattan$9(OLS)http://pul/publisher/67114